[Event "V Sunway Sitges Open 2018"]
[Site "Sitges"]
[Date "2018.12.15"]
[Round "2"]
[White "Esplugas Esteve, Vicenc"]
[Black "Beliavsky, Alexander G"]
[Result "1-0"]
[WhiteElo "2330"]
[BlackElo "2544"]
[Annotator "TA"]
[PlyCount "71"]
[EventDate "2018.12.14"]
[EventType "swiss"]
[EventCountry "ESP"]
[SourceTitle "playchess.com"]
[Source "ChessBase"]
[SourceQuality "1"]

{[%evp 26,71,51,41,43,26,33,-20,-13,-22,-34,-26,-24,-46,-41,-44,-52,-43,-8,-43,-50,-65,-65,-78,-48,-31,-14,-21,-15,-15,-15,-11,-10,-61,-2,-3,200,216,227,224,546,491,606,606,598,591,810,804]} 1. d4 d5 2. c4 c6 3. Nc3 Nf6 4. e3 e6 5. Nf3 Nbd7 6. Bd3 dxc4 7. Bxc4 b5 8. Bd3 a6 9. e4 c5 10. d5 c4 11. Bc2 e5 12. O-O Bd6 13. Ne2 Nc5 {D48: Semi-Slav: Meran System: 7...b5 8 Bd3 a6} 14. Ng3 $1 {LiveBook: 4 Games} Bd7 15. Re1 $146 ({Predecessor:} 15. b4 cxb3 16. axb3 O-O 17. Bg5 h6 18. Be3 Re8 19. h3 Nb7 20. Ne1 a5 21. Nd3 {0-1 (54) Rajesh,V (2383)-Vaibhav,S (2524) Bhubaneswar 2014}) 15... a5 {White has an edge.} 16. Nf5 (16. Bg5 $14) 16... Bxf5 $1 $11 17. exf5 O-O 18. Nxe5 Re8 19. Nf3 Rxe1+ 20. Qxe1 Nxd5 {[%cal Bf6d5,Bd5b4,Bb4c2][%mdl 32]} 21. Bg5 Qf8 22. Qd2 Nb4 $1 23. f6 g6 24. Bh6 Qd8 25. Rd1 Qxf6 {Black wants to play ...Bf8.} 26. Qxd6 Qxd6 27. Rxd6 Nxc2 28. Rb6 b4 {And now ...a4 would win.} 29. Rc6 (29. Ne5 $11) 29... c3 (29... a4 $1 $15 30. Rxc5 c3 31. bxc3 b3) 30. bxc3 $1 ({But not} 30. Rxc5 $2 cxb2 31. Nd2 Rd8 $19) 30... b3 $2 (30... Ne4 $11 {and Black has nothing to worry.}) 31. axb3 $18 Nxb3 {[#]} 32. Ne5 $1 {Black must now prevent Rc7.} a4 $2 {[#]} (32... Na3 {is more resistant.} 33. Nd7 Nb5) 33. Rc7 $1 {White is clearly winning.} Nc5 34. Rxf7 ({Wrong is} 34. Rxc5 $2 a3 $19) 34... Ne6 35. Re7 a3 36. Nd7 {Accuracy: White = 55%, Black = 42%.} 1-0

[Event "V Sunway Sitges Open 2018"]
[Site "Sitges"]
[Date "2018.12.15"]
[Round "2"]
[White "Dhulipalla Bala Chandra Prasa"]
[Black "Alonso Rosell, Alvar"]
[Result "0-1"]
[WhiteElo "2328"]
[BlackElo "2524"]
[Annotator "TA"]
[PlyCount "60"]
[EventDate "2018.12.14"]
[EventType "swiss"]
[EventCountry "ESP"]
[SourceTitle "playchess.com"]
[Source "ChessBase"]
[SourceQuality "1"]

{[%evp 17,60,31,39,16,27,27,82,56,97,101,138,73,116,123,119,107,123,107,107,107,101,102,133,70,63,76,94,94,109,112,179,173,177,96,93,-211,-187,-185,0,-495,-51,-672,-666,-667,-664]} 1. d4 d5 {[%cal Bd7d5,Bd5c4][%mdl 32]} 2. c4 e6 3. Nf3 Nf6 4. g3 dxc4 5. Bg2 a6 6. O-O Nc6 7. e3 Bd7 8. Qe2 {E04: Open Catalan: 5 Nf3} Bd6 9. Qxc4 O-O {LiveBook: 55 Games} 10. Bd2 $146 {White is slightly better.} ({Predecessor:} 10. Rd1 Qe7 11. Nc3 b5 12. Qd3 e5 13. dxe5 Bxe5 14. e4 Bg4 15. Bg5 Qe6 {½-½ (33) Gelfand,B (2725)-Oparin,G (2616) Moscow 2016}) 10... Rb8 11. Qc2 b5 (11... Re8 $11 {keeps the balance.}) 12. Ng5 Rb6 13. Nc3 Be7 14. Nge4 ({White should try} 14. a3 $1) 14... Nb4 15. Nxf6+ Bxf6 16. Qb3 Be7 17. Ne4 a5 18. Nc5 Bc6 19. Bxb4 {Black must now prevent Bxc6.} axb4 20. Rfc1 (20. Bxc6 $1 $16 Rxc6 21. Qxb4) 20... Bxg2 $14 21. Kxg2 e5 22. dxe5 Rc6 23. Nd3 ({And not} 23. Qxb4 Qa8 $15) 23... Rh6 (23... Qa8 $16 {was necessary.} 24. Kg1 Rd8) 24. Nxb4 $18 Qd7 {Hoping for ...Qh3+.} 25. e6 ({Better is} 25. h4 $18) 25... fxe6 $16 {And now ...Bxb4 would win.} 26. Rd1 $2 {[%mdl 8192]} (26. Nc6 $16 {stays on course.}) 26... Qe8 $36 {[%mdl 2048] Black is on the roll.} 27. Nd3 {[#]} Qh5 $2 (27... c5 $1 $19 {[%cal Rc5c4] ...c4 is the strong threat.} 28. Qc2 c4) 28. h4 $2 {[%mdl 8192] [#]} (28. Rh1 $11 {and White stays safe.}) 28... g5 $2 (28... Qf3+ $1 $19 29. Kf1 Qxg3) 29. Ne5 $2 {[%mdl 8192]} (29. Rg1 $15) 29... gxh4 {[%cal Bg5h4,Bh4g3][%mdl 96] Discovered Attack} 30. Qxb5 {White wants to play g4.} hxg3 {Accuracy: White = 40%, Black = 52%.} 0-1

[Event "V Sunway Sitges Open 2018"]
[Site "Sitges"]
[Date "2018.12.15"]
[Round "2"]
[White "Garcia Ramos, Daniel"]
[Black "Keymer, Vincent"]
[Result "1/2-1/2"]
[WhiteElo "2304"]
[BlackElo "2508"]
[Annotator "TA"]
[PlyCount "142"]
[EventDate "2018.12.14"]
[EventType "swiss"]
[EventCountry "ESP"]
[SourceTitle "playchess.com"]
[Source "ChessBase"]
[SourceQuality "1"]

{[%evp 28,142,38,51,60,82,112,65,150,144,170,-162,-170,-171,-151,-619,-401,-389,-400,-330,-354,-269,-144,-298,-297,-1647,-1497,-5506,-536,-479,-394,-319,-141,-905,-693,-686,-685,-679,-672,-658,-649,-29989,-814,-1397,0,0,0,0,0,-8,0,0,0,0,71,63,70,0,0,0,0,0,0,0,0,0,15,16,279,134,131,137,111,118,125,121,126,116,115,122,129,127,119,106,92,0,121,89,120,97,146,149,217,154,149,110,134,75,75,75,75,75,75,75,75,75,75,75,75,75,75,75,75,75,75,75,75]} 1. e4 c5 2. Nf3 d6 3. d4 cxd4 4. Nxd4 Nf6 5. Nc3 a6 6. f3 e5 7. Nb3 Be6 8. Be3 h5 9. Qd2 Nbd7 10. O-O-O Rc8 11. Kb1 Be7 12. a3 {B90: Sicilian Najdorf: Unusual White 6th moves, 6 Be3 Ng4 and 6 Be3 e5} b5 13. Bg5 Qc7 14. h4 O-O 15. g4 {LiveBook: 4 Games} Nb6 (15... hxg4 16. fxg4 Nb6 17. Bxf6 Bxf6 18. g5 {½-½ (70) Yu,Y (2751)-Vachier Lagrave,M (2789) Riadh 2017}) 16. gxh5 $146 ({Predecessor:} 16. Bxf6 Bxf6 17. g5 Be7 18. Nd5 Bxd5 19. exd5 {1-0 (41) Khanin,S (2450)-Garanin,A (2145) St Petersburg 2017}) 16... d5 17. Rg1 $1 {aiming for Bh6.} Rfd8 (17... d4 $14 18. Nd5 Nbxd5 19. exd5 Bxd5) 18. Bd3 $1 $16 d4 {[#]} 19. Bh6 $4 {[%mdl 8192]} (19. Nd5 $1 $18 {[%cal Rd5c7][%mdl 512]} Bxd5 (19... Nbxd5 20. exd5) 20. exd5 Nbxd5 21. Rde1 (21. Bxf6 Bxf6 22. h6 Ne3 $11)) 19... dxc3 $19 20. Rxg7+ Kh8 21. Qg2 $2 (21. Qg5 $17 Rg8 22. Nd4) 21... Rg8 22. Rg1 {White wants to play Nd4.} Ng4 23. Rxg8+ Rxg8 24. fxg4 cxb2 (24... Qd6 $19 25. Bc1 Rxg4 26. Qxg4 Bxg4 27. Rxg4 cxb2 28. Bxb2 Nc4) 25. Qf2 $2 (25. Bd2 $17 {was forced.}) 25... Na4 26. Bg5 $2 (26. Bd2 Rc8 27. Qe3) 26... Rxg5 27. hxg5 Bxg5 (27... Bxa3 $142 {[%cal Ra4c3]} 28. Qf6+ Kg8) 28. Qe1 Kh7 29. Rf1 Qd7 ({Weaker is} 29... Bxg4 30. Qg3 $11) (29... Be7 $19 {and Black stays clearly on top.} 30. Ka2 Qd8) 30. Rf5 $2 {[%mdl 8192]} (30. Rf3 $17) 30... Bxf5 31. exf5 {[#]} e4 $1 {[%mdl 512]} 32. Bxe4 Qe8 {Strongly threatening ...Qe5.} 33. f6+ Kh8 {...Qe5 is the strong threat.} 34. Nd2 Bxf6 (34... Qe5 $142 35. Nb3 Nc3+ 36. Qxc3 Qxc3 37. Bf3 Qxf3 38. a4 Bxf6 39. Nd4 Bxd4 40. axb5 Qh1+ 41. Ka2 b1=Q+ {[%mdl 64] Double Attack} 42. Ka3 Bc5+ 43. Ka4 Qxb5#) 35. g5 Be5 $2 (35... Qe5 $19 36. c3 Nxc3+ 37. Kxb2 Nxe4+ {[%mdl 64] Discovered Attack} 38. Kc2 Qb2+ {[%mdl 64] Double Attack} 39. Kd3 Nc5+ 40. Ke2 Bxg5) 36. Bf5 $11 Nc3+ 37. Kxb2 Ne2+ 38. Kb1 Bg3 {( -> ...Nc3+)} 39. Qh1 Nc3+ 40. Kb2 {Hoping for Qb7.} Na4+ (40... Be5 $11 {keeps the balance.}) 41. Ka2 $16 Bf4 42. Qg2 ({Better is} 42. Ne4 $1 $14) 42... Qg8 43. Nb3 $40 {[%mdl 128] Black needs to defend precisely.} Nc3+ 44. Kb2 Nd1+ 45. Ka2 Ne3 46. Qc6 {White threatens Qh6+ and mate.} Qxg5 47. Bd3 Nd5 $2 {[%mdl 8192]} (47... Kg7 $11 {and Black is okay.}) 48. h6 ({And not} 48. Qxa6 Nc3+ 49. Kb2 Na4+ 50. Ka2 Qe5 $11) (48. Qa8+ $1 $18 Kg7 49. h6+ $1 {[%mdl 576] Deflection} (49. Qxa6 Nc3+ 50. Ka1 Qg1+ 51. Kb2 Be5 $19) 49... Qxh6 50. Qxd5) 48... Qd8 {[#]} 49. Nc5 $1 {[%cal Rc5d7]} ({Much weaker is} 49. Qxa6 $6 Nc3+ 50. Ka1 Be5 $11) 49... Nf6 50. Nxa6 Bxh6 51. Qxb5 Qd4 52. Qb2 Qd5+ {[#]} 53. Qb3 $1 Qd7 54. Qb8+ Kg7 55. Qg3+ Kf8 56. Qb8+ Kg7 57. Qc7 Qg4 58. Bc4 Qg6 59. Nb4 Bg5 (59... Bd2 $16) 60. Qe5 Bd2 61. Bd3 Qg4 62. Nd5 (62. Nc6 $142 {Threatens to win with Nd4.} Qd7 63. Nd4 Qd5+ 64. Qxd5 Nxd5 65. Nf3) 62... Qe6 {White is better.} 63. Qxe6 fxe6 64. Nxf6 Kxf6 {[%mdl 4096] Endgame KB-KB} 65. Kb3 Ke5 66. Kc4 Be3 67. a4 {[%cal Ba3a4,Ba4a5][%mdl 32]} Kd6 68. Kb5 e5 69. a5 Bg1 70. Be4 Bf2 71. Ka6 Kc7 {Accuracy: White = 46%, Black = 42%.} 1/2-1/2

[Event "V Sunway Sitges Open 2018"]
[Site "Sitges"]
[Date "2018.12.15"]
[Round "2"]
[White "Goormachtigh, Johan"]
[Black "Mabille, Natacha"]
[Result "1-0"]
[WhiteElo "2159"]
[BlackElo "1895"]
[Annotator "NA"]
[PlyCount "61"]
[EventDate "2018.12.14"]
[EventType "swiss"]
[EventCountry "ESP"]
[SourceTitle "playchess.com"]
[Source "ChessBase"]
[SourceQuality "1"]
[TimeControl "40/5400+30:1800+30"]

1. d4 {[%emt 0:00:00]} d5 {[%emt 0:12:38]} 2. Nf3 {[%emt 0:00:00]} Nf6 {[%emt 0:00:48]} 3. c4 {[%emt 0:00:03]} c6 {[%emt 0:00:18]} 4. Nc3 {[%emt 0:00:35]} e6 {[%emt 0:00:54]} 5. Bg5 {[%emt 0:00:22]} Nbd7 {[%emt 0:00:42]} 6. e3 {[%emt 0:01:09]} Be7 {[%emt 0:00:22]} 7. cxd5 {[%emt 0:02:30]} Nxd5 {[%emt 0:03:51]} 8. Bxe7 {[%emt 0:00:11]} Qxe7 {[%emt 0:00:39]} 9. Bd3 {[%emt 0:04:05]} O-O {[%emt 0:02:36]} 10. O-O {[%emt 0:01:43]} b6 {[%emt 0:03:40]} 11. Nxd5 {[%emt 0:13:05]} cxd5 {[%emt 0:01:39]} 12. Rc1 {[%emt 0:00:06]} e5 {[%emt 0:05:55]} 13. dxe5 {[%emt 0:05:39]} Nxe5 {[%emt 0:00:06]} 14. Nd4 {[%emt 0:00:19]} Bg4 {[%emt 0:11:25]} 15. Be2 {[%emt 0:04:48]} Qh4 {[%emt 0:16:00]} 16. Bxg4 {[%emt 0:15:19]} Nxg4 {[%emt 0:00:28]} 17. Nf3 {[%emt 0:00:23]} Qh5 {[%emt 0:01:00]} 18. Qd4 {[%emt 0:01:26]} Rfe8 {[%emt 0:01:48]} 19. Rfd1 {[%emt 0:05:27]} Nf6 {[%emt 0:01:23]} 20. Rc7 {[%emt 0:05:12]} h6 {[%emt 0:06:37]} 21. Rdc1 {[%emt 0:04:49]} Qf5 {[%emt 0:06:44]} 22. Qa4 {[%emt 0:06:06]} a6 23. Nd4 {[%emt 0:03:57]} Qe5 {[%emt 0:16:03]} 24. Qc2 {[%emt 0:02:46]} Ne4 {[%emt 0:02:19]} 25. Nf3 {[%emt 0:01:19]} Qf5 {[%emt 0:01:25]} 26. Qc6 {[%emt 0:03:32]} b5 {[%emt 0:01:29]} 27. Qd7 {[%emt 0:04:22]} Qh5 {[%emt 0:01:41]} 28. Rc8 {[%emt 0:04:26]} Nf6 {[%emt 0:00:11]} 29. Qxe8+ {[%emt 0:01:59]} Nxe8 {[%emt 0:00:15]} 30. Rxa8 {[%emt 0:00:07]} Kf8 {[%emt 0:00:46]} 31. Rcc8 1-0

[Event "V Sunway Sitges Open 2018"]
[Site "Sitges"]
[Date "2018.12.15"]
[Round "2"]
[White "Maloberti, David"]
[Black "Minko, Olga"]
[Result "1/2-1/2"]
[WhiteElo "2122"]
[BlackElo "1737"]
[Annotator "NA"]
[PlyCount "100"]
[EventDate "2018.12.14"]
[EventType "swiss"]
[EventCountry "ESP"]
[SourceTitle "playchess.com"]
[Source "ChessBase"]
[SourceQuality "1"]
[TimeControl "40/5400+30:1800+30"]

1. d4 {[%emt 0:00:00]} d5 {[%emt 0:00:00]} 2. c4 {[%emt 0:00:00]} dxc4 {[%emt 0:00:00]} 3. Nf3 {[%emt 0:00:00]} Nf6 {[%emt 0:00:07]} 4. Qa4+ {[%emt 0:00:25]} Nbd7 {[%emt 0:01:12]} 5. Nc3 {[%emt 0:00:32]} e6 {[%emt 0:02:20]} 6. e4 {[%emt 0:01:27]} c6 {[%emt 0:05:01]} 7. Qxc4 {[%emt 0:00:30]} a6 {[%emt 0:03:01]} 8. Bd3 {[%emt 0:04:36]} b5 {[%emt 0:02:28]} 9. Qxc6 {[%emt 0:04:23]} Ra7 {[%emt 0:12:09]} 10. Bf4 {[%emt 0:11:46]} Bb7 {[%emt 0:03:13]} 11. Qc7 {[%emt 0:00:08]} Qa8 {[%emt 0:02:09]} 12. O-O {[%emt 0:08:24]} Be7 {[%emt 0:17:22]} 13. Qa5 {[%emt 0:04:39]} Nxe4 {[%emt 0:16:05]} 14. Nxe4 {[%emt 0:14:16]} Bxe4 {[%emt 0:01:40]} 15. Bxe4 {[%emt 0:01:30]} Qxe4 {[%emt 0:00:26]} 16. Be3 {[%emt 0:00:25]} Ra8 {[%emt 0:03:28]} 17. Rac1 {[%emt 0:03:58]} O-O {[%emt 0:03:01]} 18. Qc7 {[%emt 0:00:29]} Qd5 {[%emt 0:04:51]} 19. Ne5 {[%emt 0:05:44]} Rfd8 {[%emt 0:04:56]} 20. Nc6 {[%emt 0:05:58]} Bd6 {[%emt 0:03:03]} 21. Qa5 {[%emt 0:16:22]} Rdc8 {[%emt 0:04:23]} 22. Nb4 {[%emt 0:02:01]} Bxb4 {[%emt 0:02:43]} 23. Qxb4 {[%emt 0:00:03]} Qxa2 {[%emt 0:02:14]} 24. f4 {[%emt 0:01:12]} Nb6 {[%emt 0:02:05]} 25. Rc5 {[%emt 0:00:41]} Nd5 {[%emt 0:01:03]} 26. Qd2 {[%emt 0:00:53]} Nxe3 {[%emt 0:00:19]} 27. Qxe3 {[%emt 0:00:03]} Qxb2 {[%emt 0:00:43]} 28. f5 {[%emt 0:00:07]} exf5 {[%emt 0:01:31]} 29. Re1 {[%emt 0:01:25]} g6 {[%emt 0:01:28]} 30. d5 {[%emt 0:00:19]} Rd8 {[%emt 0:00:27]} 31. Rd1 {[%emt 0:00:36]} Qf6 {[%emt 0:00:26]} 32. Rc6 {[%emt 0:00:15]} Qg7 {[%emt 0:00:39]} 33. Qc5 {[%emt 0:01:46]} f4 {[%emt 0:01:17]} 34. d6 {[%emt 0:00:11]} Qf8 {[%emt 0:00:10]} 35. Rd4 {[%emt 0:01:14]} f3 {[%emt 0:00:34]} 36. gxf3 {[%emt 0:00:10]} Rac8 {[%emt 0:00:38]} 37. Rc7 {[%emt 0:02:39]} h5 {[%emt 0:00:40]} 38. Qc6 {[%emt 0:04:19]} Rb8 {[%emt 0:00:34]} 39. d7 {[%emt 0:02:31]} b4 {[%emt 0:00:01]} 40. Rb7 {[%emt 0:00:00]} b3 {[%emt 0:00:00]} 41. Rc4 {[%emt 0:07:59]} b2 {[%emt 0:04:28]} 42. Qb6 {[%emt 0:00:26]} Rxb7 {[%emt 0:01:14]} 43. Qxb7 {[%emt 0:00:04]} Rxd7 {[%emt 0:03:50]} 44. Qxb2 {[%emt 0:00:56]} Rd1+ {[%emt 0:00:55]} 45. Kg2 {[%emt 0:00:32]} Qd8 {[%emt 0:00:30]} 46. Rc2 {[%emt 0:01:04]} Qg5+ {[%emt 0:02:20]} 47. Kh3 {[%emt 0:00:04]} Qf5+ {[%emt 0:02:45]} 48. Kg2 {[%emt 0:00:45]} Qg5+ {[%emt 0:07:10]} 49. Kh3 {[%emt 0:00:06]} Qf5+ {[%emt 0:01:45]} 50. Kg2 {[%emt 0:00:05]} Qg5+ {[%emt 0:00:51]} 1/2-1/2

[Event "V Sunway Sitges Open 2018"]
[Site "Sitges"]
[Date "2018.12.15"]
[Round "2"]
[White "Pedashenko, Anatoly"]
[Black "Martos Martin, Josep Angel"]
[Result "1-0"]
[WhiteElo "1985"]
[BlackElo "1831"]
[Annotator "NA"]
[PlyCount "75"]
[EventDate "2018.12.14"]
[EventType "swiss"]
[EventCountry "ESP"]
[SourceTitle "playchess.com"]
[Source "ChessBase"]
[SourceQuality "1"]
[TimeControl "40/5400+30:1800+30"]

1. e4 {[%emt 0:00:00]} c5 {[%emt 0:00:12]} 2. Nf3 {[%emt 0:00:00]} a6 {[%emt 0:00:15]} 3. b4 {[%emt 0:01:30]} cxb4 {[%emt 0:02:25]} 4. a3 {[%emt 0:00:08]} e6 {[%emt 0:04:39]} 5. axb4 {[%emt 0:00:07]} Bxb4 {[%emt 0:00:42]} 6. c3 {[%emt 0:00:08]} Be7 {[%emt 0:01:07]} 7. d4 {[%emt 0:00:04]} d6 {[%emt 0:09:11]} 8. Bd3 {[%emt 0:00:38]} Nc6 {[%emt 0:09:49]} 9. O-O {[%emt 0:03:11]} Nf6 {[%emt 0:05:52]} 10. c4 {[%emt 0:01:48]} Qb6 {[%emt 0:09:21]} 11. e5 {[%emt 0:16:55]} dxe5 {[%emt 0:05:24]} 12. dxe5 {[%emt 0:00:09]} Ng4 {[%emt 0:23:32]} 13. Qe2 {[%emt 0:06:32]} Nd4 {[%emt 0:04:25]} 14. Nxd4 {[%emt 0:01:01]} Qxd4 {[%emt 0:00:04]} 15. Bb2 {[%emt 0:00:18]} Qf4 {[%emt 0:00:38]} 16. g3 {[%emt 0:00:36]} Qg5 {[%emt 0:02:17]} 17. h3 {[%emt 0:03:42]} h5 {[%emt 0:04:48]} 18. Kg2 {[%emt 0:03:20]} Bd7 {[%emt 0:06:17]} 19. hxg4 {[%emt 0:02:00]} hxg4 {[%emt 0:00:25]} 20. Nd2 {[%emt 0:00:42]} Bb4 {[%emt 0:05:11]} 21. f4 {[%emt 0:07:16]} gxf3+ {[%emt 0:01:27]} 22. Nxf3 {[%emt 0:00:10]} Bc6 {[%emt 0:02:15]} 23. Be4 {[%emt 0:00:48]} Bxe4 {[%emt 0:00:18]} 24. Qxe4 {[%emt 0:00:13]} Qe7 {[%emt 0:00:10]} 25. Rad1 {[%emt 0:06:42]} a5 {[%emt 0:00:27]} 26. Bc1 {[%emt 0:01:16]} a4 {[%emt 0:00:30]} 27. Bg5 {[%emt 0:02:34]} Qc7 {[%emt 0:00:46]} 28. Rb1 {[%emt 0:01:26]} Qc5 {[%emt 0:00:57]} 29. Qxb7 {[%emt 0:00:39]} O-O {[%emt 0:00:13]} 30. Qxb4 {[%emt 0:00:11]} Qc6 {[%emt 0:00:28]} 31. Qb5 {[%emt 0:00:40]} Qe4 {[%emt 0:00:08]} 32. Rbe1 {[%emt 0:01:21]} Qc2+ {[%emt 0:00:26]} 33. Rf2 {[%emt 0:00:19]} Qc3 {[%emt 0:00:45]} 34. Bd2 {[%emt 0:03:44]} Qd3 {[%emt 0:00:33]} 35. Qb1 {[%emt 0:00:46]} Qxc4 {[%emt 0:00:28]} 36. Rh1 {[%emt 0:00:18]} g6 {[%emt 0:00:23]} 37. Bg5 {[%emt 0:00:17]} Rfb8 {[%emt 0:01:03]} 38. Bf6 {[%emt 0:00:25]} 1-0

[Event "V Sunway Sitges Open 2018"]
[Site "Sitges"]
[Date "2018.12.15"]
[Round "2"]
[White "Lohia, Sohum"]
[Black "Minko, Uliana"]
[Result "1-0"]
[WhiteElo "1686"]
[BlackElo "1303"]
[Annotator "NA"]
[PlyCount "49"]
[EventDate "2018.12.14"]
[EventType "swiss"]
[EventCountry "ESP"]
[SourceTitle "playchess.com"]
[Source "ChessBase"]
[SourceQuality "1"]
[TimeControl "40/5400+30:1800+30"]

1. e4 {[%emt 0:00:00]} e6 {[%emt 0:03:35]} 2. b3 {[%emt 0:00:16]} d5 {[%emt 0:00:25]} 3. Bb2 {[%emt 0:00:12]} c5 {[%emt 0:01:24]} 4. exd5 {[%emt 0:02:48]} exd5 {[%emt 0:00:33]} 5. Nf3 {[%emt 0:00:55]} Nf6 {[%emt 0:00:36]} 6. Bb5+ {[%emt 0:01:52]} Bd7 {[%emt 0:00:53]} 7. Bxd7+ {[%emt 0:00:36]} Nbxd7 {[%emt 0:00:18]} 8. O-O {[%emt 0:00:23]} Be7 {[%emt 0:00:08]} 9. d4 {[%emt 0:00:53]} O-O {[%emt 0:00:15]} 10. Re1 {[%emt 0:00:21]} Re8 {[%emt 0:01:16]} 11. Nc3 {[%emt 0:01:49]} a6 {[%emt 0:00:59]} 12. a4 {[%emt 0:02:06]} Bd6 {[%emt 0:04:04]} 13. Rxe8+ {[%emt 0:02:30]} Qxe8 {[%emt 0:00:14]} 14. dxc5 {[%emt 0:02:45]} d4 {[%emt 0:08:54]} 15. cxd6 {[%emt 0:04:41]} dxc3 {[%emt 0:00:24]} 16. Bxc3 {[%emt 0:00:44]} Ne4 {[%emt 0:03:16]} 17. Bb2 {[%emt 0:01:19]} f6 {[%emt 0:01:29]} 18. Qd5+ {[%emt 0:00:35]} Kh8 {[%emt 0:00:47]} 19. Re1 {[%emt 0:00:21]} Qc8 {[%emt 0:17:17]} 20. Qxe4 {[%emt 0:00:48]} b5 {[%emt 0:02:29]} 21. axb5 {[%emt 0:03:57]} axb5 {[%emt 0:00:15]} 22. Ra1 {[%emt 0:00:34]} Rb8 {[%emt 0:00:30]} 23. Ra7 {[%emt 0:00:53]} Qd8 {[%emt 0:02:29]} 24. Qe7 {[%emt 0:02:07]} Nf8 {[%emt 0:02:08]} 25. Qxg7# {[%emt 0:00:13]} 1-0

[Event "V Sunway Sitges Open 2018"]
[Site "Sitges"]
[Date "2018.12.15"]
[Round "2"]
[White "Tastambekov, Arsen"]
[Black "Chatton, Jean-Bernard"]
[Result "1/2-1/2"]
[WhiteElo "1271"]
[BlackElo "1643"]
[Annotator "NA"]
[PlyCount "114"]
[EventDate "2018.12.14"]
[EventType "swiss"]
[EventCountry "ESP"]
[SourceTitle "playchess.com"]
[Source "ChessBase"]
[SourceQuality "1"]
[TimeControl "40/5400+30:1800+30"]

1. e4 {[%emt 0:00:00]} c5 {[%emt 0:00:00]} 2. Nf3 {[%emt 0:00:00]} d6 {[%emt 0:00:00]} 3. Bb5+ {[%emt 0:00:38]} Nc6 {[%emt 0:01:42]} 4. O-O {[%emt 0:02:12]} Bd7 {[%emt 0:00:13]} 5. d3 {[%emt 0:01:46]} g6 {[%emt 0:00:43]} 6. Nc3 {[%emt 0:00:50]} Bg7 {[%emt 0:00:14]} 7. Be3 {[%emt 0:00:45]} Nf6 {[%emt 0:01:55]} 8. h3 {[%emt 0:00:48]} O-O {[%emt 0:00:14]} 9. Qd2 {[%emt 0:01:14]} a6 {[%emt 0:00:22]} 10. Bxc6 {[%emt 0:01:58]} Bxc6 {[%emt 0:00:22]} 11. e5 {[%emt 0:02:48]} Nd5 {[%emt 0:02:59]} 12. Nxd5 {[%emt 0:10:03]} Bxd5 {[%emt 0:01:15]} 13. exd6 {[%emt 0:05:52]} exd6 14. d4 Bxf3 {[%emt 0:05:02]} 15. gxf3 {[%emt 0:01:01]} Qc7 {[%emt 0:04:28]} 16. c3 {[%emt 0:01:44]} Rfe8 {[%emt 0:05:50]} 17. Rad1 {[%emt 0:08:16]} Rad8 {[%emt 0:04:40]} 18. Rfe1 {[%emt 0:04:14]} b5 {[%emt 0:05:06]} 19. Bg5 {[%emt 0:02:41]} Rc8 {[%emt 0:00:55]} 20. Rxe8+ {[%emt 0:10:54]} Rxe8 {[%emt 0:00:12]} 21. dxc5 {[%emt 0:01:32]} dxc5 {[%emt 0:00:16]} 22. Bf4 {[%emt 0:06:57]} Qc8 {[%emt 0:04:33]} 23. Kg2 {[%emt 0:01:53]} c4 {[%emt 0:04:33]} 24. Qc2 {[%emt 0:02:27]} Rd8 {[%emt 0:01:39]} 25. a4 {[%emt 0:06:05]} h5 {[%emt 0:06:18]} 26. axb5 {[%emt 0:01:12]} axb5 {[%emt 0:00:08]} 27. Ra1 {[%emt 0:00:32]} Rd3 {[%emt 0:03:45]} 28. Qe2 {[%emt 0:01:31]} Qc6 {[%emt 0:08:47]} 29. Bg3 {[%emt 0:04:51]} Qd5 {[%emt 0:03:57]} 30. Bf4 {[%emt 0:03:34]} Qc6 {[%emt 0:03:53]} 31. Bd2 {[%emt 0:04:16]} Qd7 {[%emt 0:01:11]} 32. Bf4 {[%emt 0:01:42]} Kh7 {[%emt 0:01:22]} 33. Be5 {[%emt 0:01:17]} Qe6 {[%emt 0:01:52]} 34. Re1 {[%emt 0:01:28]} Bxe5 {[%emt 0:04:31]} 35. Qxe5 {[%emt 0:00:10]} Qc6 {[%emt 0:02:47]} 36. Qf4 {[%emt 0:00:49]} Kg7 {[%emt 0:00:45]} 37. Qe5+ {[%emt 0:01:13]} Kh7 {[%emt 0:01:00]} 38. Qf4 {[%emt 0:00:34]} Kg7 {[%emt 0:03:29]} 39. Re7 {[%emt 0:01:00]} Qf6 {[%emt 0:02:17]} 40. Qe4 {[%emt 0:00:42]} Qg5+ {[%emt 0:03:52]} 41. Kh2 {[%emt 0:00:09]} Rd2 {[%emt 0:00:00]} 42. Qe1 {[%emt 0:06:28]} Rxb2 {[%emt 0:01:02]} 43. Re2 {[%emt 0:05:30]} Rxe2 {[%emt 0:02:33]} 44. Qxe2 {[%emt 0:00:10]} Qd5 {[%emt 0:01:34]} 45. Kg2 {[%emt 0:00:51]} Qd3 {[%emt 0:00:31]} 46. Qe5+ {[%emt 0:01:18]} Kh7 {[%emt 0:01:35]} 47. Qf6 {[%emt 0:02:00]} Kg8 {[%emt 0:01:28]} 48. Qe5 {[%emt 0:00:55]} Qd7 {[%emt 0:01:34]} 49. Qb8+ {[%emt 0:02:19]} Kg7 {[%emt 0:00:18]} 50. Qe5+ {[%emt 0:00:19]} f6 {[%emt 0:00:29]} 51. Qc5 {[%emt 0:02:01]} g5 {[%emt 0:00:38]} 52. h4 {[%emt 0:01:06]} Kg6 {[%emt 0:00:39]} 53. hxg5 {[%emt 0:00:44]} fxg5 {[%emt 0:00:04]} 54. Qb6+ {[%emt 0:00:22]} Kg7 {[%emt 0:00:26]} 55. Qc5 {[%emt 0:01:58]} Kg6 {[%emt 0:02:13]} 56. Qb6+ {[%emt 0:00:53]} Kg7 {[%emt 0:01:03]} 57. Qc5 {[%emt 0:00:32]} Kg6 {[%emt 0:04:39]} 1/2-1/2